000 00505nam a2200181Ia 4500
008 100917s9999 xx 000 0 und d
082 _b24792
100 _aकोलते वि. भि.
245 _aसह्यािद्र वर्णन
260 _bअ. ह. गोळे
_c1964
300 _a312
365 _b12
520 _a---
630 _aसह्यािद्र वर्णन
650 _a---
730 _aसह्यािद्र वर्णन
942 _cBOOK
999 _c630186
_d630183